Sports Quiz

Random Sports or Basketball Quiz

Colleges by Famous Athletes II Quiz Stats

 Plays Quiz Updated Nov 15, 2015

Challenge
Share
Tweet
Score 0/28 Timer 06:00
2 Plays Today
% Correct
University of Oklahoma (Sam Bradford, Blake Griffin, Adrian Peterson)
94.3%
University of Wisconsin (J.J. Watt, Chris Chelios, Russell Wilson)
91.7%
Texas A&M University (Chuck Knoblauch, DeAndre Jordan, Johnny Manziel)
85.1%
Purdue University (Drew Brees, Glenn Robinson, Bob Griese)
82.8%
Duke University (Grant Hill, Sonny Jurgensen, Carlos Boozer)
81.8%
University of Connecticut (Ray Allen, Richard Hamilton, Diana Taurasi)
81.5%
Georgia Tech (Chris Bosh, Nomar Garciaparra, Calvin Johnson)
81.2%
Oklahoma State University (Barry Sanders, Jeromy Burnitz, Dez Bryant)
79.2%
University of Memphis (Derrick Rose, Isaac Bruce, Anfernee Hardaway)
78.1%
University of Nebraska (Ndamukong Suh, Rulon Gardner, Darin Erstad)
75.4%
Arizona State University (Barry Bonds, James Harden, Reggie Jackson)
74.8%
USC (Marcus Allen, Keyshawn Johnson, Junior Seau)
73.5%
Florida State University (Deion Sanders, Buster Posey, Sam Cassell)
73.1%
University of Arizona (Gilbert Arenas, Rob Gronkowski, Andre Iguodala)
71.8%
% Correct
Brigham Young University (Steve Young, Danny Ainge, Jack Morris)
65.9%
University of Illinois (Dick Butkus, Deron Williams, Red Grange)
63.2%
University of Washington (Warren Moon, Hope Solo, Nate Robinson)
59.8%
University of Colorado (Kordell Stewart, Chauncey Billups, Mason Crosby)
59.4%
Indiana University (Isiah Thomas, Mark Spitz, Walt Bellamy)
56.2%
Oregon State University (Gary Payton, Chad Johnson, Dick Fosbury)
51.9%
University of Cincinnati (Oscar Robertson, Sandy Koufax, Kenyon Martin)
49%
Penn State University (Kerry Collins, LaVar Arrington, Franco Harris)
48.2%
West Virginia University (Marc Bulger, Jerry West, Adam 'Pacman' Jones)
46.4%
University of Mississippi (Archie Manning, David Dellucci, Deuce McAllister)
45.6%
University of San Francisco (Bill Russell, Ollie Matson, Bill Cartwright)
42.3%
Mississippi Valley State University (Jerry Rice, Deacon Jones, Alphonso Ford)
32.5%
Kansas State University (Darren Sproles, Mitch Richmond, Larry Brown)
29.5%
University of Louisville (Johnny Unitas, Wes Unseld, Deion Branch)
23.7%

You're not logged in!

Compare scores with friends on all Sporcle quizzes.
OR
Log In

You Might Also Like...

Show Comments

Extras

Top Quizzes Today


Score Distribution

Your Account Isn't Verified!

In order to create a playlist on Sporcle, you need to verify the email address you used during registration. Go to your Sporcle Settings to finish the process.

Report this User

Report this user for behavior that violates our Community Guidelines.

Details: